Statistics for Stages of Mitosis with Pictures

Click here to take the quiz!

General Stats

  • This quiz has been taken 21 times
  • The average score is 5 of 6

Answer Stats

Answer% Correct
Anaphase
89%
Metaphase
89%
Prophase
89%
Telophase
72%
Interphase
67%
Cytokinesis
56%

Score Distribution

Percentile by Number Answered

Percent of People with Each Score

Your Score History

You have not taken this quiz